İnsan hakları (Record no. 11834)

MARC details
000 -BAŞLIK
Sabit Uzunlukta Kontrol Alanı 00788na a2200265 4500
001 - KONTROL NUMARASI
Denetim Alanı 24427
003 - KONTROL NUMARASI IDENTIFIER
Denetim Alanı MIRAKIL
005 - SON İŞLEM TARİHİ VE ZAMANI
Denetim Alanı 20181226104235.0
008 - SABİT-BOY VERİ ELEMANLARI - GENEL BİLGİLER
Sabit Uzunlukta Kontrol Alanı 181017b tu 000 0
041 ## - DİL KODU
Metin / Ses Parça Veya Ayrı Başlığın Dil Kodu tur
082 ## - DEWEY ONLU SINIFLANDIRMA NUMARASI
Sınıflandırma Numarası 341.481
Ürün Numarası A91i 2015
090 ## - SINIFLAMA NUMARASI
Sınıflama Numarası 341.481 A91i 2015
100 ## - ANA GİRİŞ - KİŞİSEL İSİM
Kişisel Ad Aybay, Rona
245 ## - BAŞLIK TABLOSU
Başlık İnsan hakları
Sorumluluk Tablosu, Vb Rona Aybay
260 ## - YAYIN, DAĞITIM, VB
Yayın, Dağıtım, Vb Yeri İstanbul
Yayıncı, Dağıtıcı, Vs Adı Bilgi İletişim Grubu Yayıncılık
Yayın, Dağıtım, Vb Tarihi 2015
300 ## - FİZİKSEL TANIM
Kapsam 186 s.
Boyutlar 23 sm.
440 ## - SERİSİ TABLOSU / KATMA GİRİŞİ - BAŞLIK
Başlık İstanbul Bilgi Üniversitesi Yayınları
Hacim / Ardışık Tanımı 510
490 ## - SERİSİ TABLOSU
Seri Beyanı Hukuk
Hacim / Ardışık Tanımı 22
504 ## - KAYNAKÇA VB NOT
Kaynakça Vb Notu kaynakça ve dizin vardır.
650 ## - KONU KATMA GİRİŞ - TOPİKAL DÖNEM
Topikal Süreli Veya Coğrafi Ad Giriş Elemanı Adil yargılanma
Genel Alt Bölümü hukuk ve mevzuat
650 ## - KONU KATMA GİRİŞ - TOPİKAL DÖNEM
Topikal Süreli Veya Coğrafi Ad Giriş Elemanı İnsan hakları
Genel Alt Bölümü Avrupa
-- yorumlama ve uygulama
650 ## - KONU KATMA GİRİŞ - TOPİKAL DÖNEM
Topikal Süreli Veya Coğrafi Ad Giriş Elemanı İnsan hakları
Genel Alt Bölümü Avrupa
942 ## - EKLENDİ GİRİŞ ELEMANLARI (KOHA)
Sınıflandırma Veya Raf Düzeni Kaynak Dewey Decimal Classification
Koha Öğesi Türü Books
040 ## - KATALOGLAMA KAYNAK
Orijinal Kataloglama Ajansı Milas
Kataloglama Dili tur
Metne Dönüştürmek Ajansı TR-AnCHP
999 ## - SİSTEM KONTROL NUMARALARI (KOHA)
Koha Biblionumber 11834
Koha Biblioitemnumber 11834
Holdings
Kullanım Kısıtlamaları Kalıcı Konum Mevcut Konum Edinme Tarihi Toplam Check-Out'Lar Tam Çağrı Numarası Barkod Tarih Son Görülme İtibaren Geçerli Fiyatlar Sigara Kamu Notu Koha Öğesi Türü
  Parti Okulu Kütüphanesi Parti Okulu Kütüphanesi 10/17/2018   341.481 A91i 2015 P00198 10/17/2018 10/17/2018 Books